00373nam a2200157Ia 4500008004100000020001800041041000800059082001500067100001100082245006100093250001200154260001400166300000800180365001600188700001100204230718s9999 xx 000 0 und d a9789351106159 aeng a006.3bDAS aDas A. aArtificial Intelligence And Soft Computing For Beginners a2nd ed. c2014bSPD a679 cRs.b775.00 aDas A.